00420 2200157 4500001002100000005001700021006001900038008004100057020002200098035002500120090001500145100001700160245003000177260003800207990001700245INLIS00000000000843920140307123743.0a ||| | 180719| ||| |  a978-979-29-3499-1 a0010-081300000000076 a005.43 - q0 aNikodemus WK00aQuick reference windows 8 aYogyakartabC.V ANDI OFFSETc2013 a8605/PN/2013